Normal view
MARC view
- محمد، علي عبد المعطي
Entry Personal Name
001 - CONTROL NUMBER
- control field: 39018
003 - CONTROL NUMBER IDENTIFIER
- control field: JO-AjAnu
005 - DATE AND TIME OF LATEST TRANSACTION
- control field: 20230606080507.0
008 - FIXED-LENGTH DATA ELEMENTS
- fixed length control field: 230606|| aca||aabn | a|a d
040 ## - CATALOGING SOURCE
- Original cataloging agency: JO-AjAnu
- Transcribing agency: JO-AjAnu
100 ## - HEADING--PERSONAL NAME
- Personal name: محمد، علي عبد المعطي
670 ## - SOURCE DATA FOUND
- Source citation: Work cat.: (JO-AjAnu)20011: محمد، علي عبد المعطي , author, المنطق الرياضي أسسه ونظرياته